| 000 | 00480nam a2200169 i 4500 | ||
|---|---|---|---|
| 001 | 70955 | ||
| 003 | ES-MaACL | ||
| 005 | 20230906170958.0 | ||
| 007 | t| | ||
| 008 | 040804s1960 sp ||||1| spa d | ||
| 100 | 1 |
_aGascar, Pierre. _955837 |
|
| 245 | 1 | 0 |
_aEntre los vivientes / _cPierre Gascar ; traducción de Antonio Ribera. |
| 260 |
_aBarcelona : _bJano, _c[1960] |
||
| 300 |
_a269 p. ; _c24 cm. |
||
| 700 | 1 |
_aRibera, Antonio. _996769 |
|
| 852 |
_aES-MaACL _jC-19830 _bR.47803 |
||
| 999 |
_c70955 _d70955 |
||